Т. 2: Пленочная, капельная и другие случаи конденсации паров и их смесей. Испарение жидкостей; Теплофизика и гидрогазодинамика процессов кипения и конденсации

Bibliographic Details
Parent link:Теплофизика и гидрогазодинамика процессов кипения и конденсации: материалы второй Всесоюзной научно-технической конференции, Рига, 26-28 декабря 1988 г./ Рижский политехнический институт ; Академия наук СССР (АН СССР), Научный совет по комплексной проблеме "Теплофизика и теплоэнергетика" ; Академия наук Латвийской ССР (АН ЛатССР), Институт физики (ИФ). Т. 2: Пленочная, капельная и другие случаи конденсации паров и их смесей. Испарение жидкостей.— , 1988
Language:Russian
Published: 1988
Subjects:
Format: Book
KOHA link:https://koha.lib.tpu.ru/cgi-bin/koha/opac-detail.pl?biblionumber=94346

MARC

LEADER 00000nam2a2200000 4500
001 94346
005 20231101213937.0
020 |a RU  |b 89-5822 
035 |a (RuTPU)RU\TPU\book\101058 
090 |a 94346 
100 |a 20060410g1988 k y0rusy5003 ca 
101 0 |a rus 
102 |a LV 
105 |a y z 100zy 
200 0 |a Т. 2: Пленочная, капельная и другие случаи конденсации паров и их смесей. Испарение жидкостей 
210 |d 1988 
215 |a 174 с. 
461 1 |0 (RuTPU)RU\TPU\book\112132  |t Теплофизика и гидрогазодинамика процессов кипения и конденсации  |o материалы второй Всесоюзной научно-технической конференции, Рига, 26-28 декабря 1988 г.  |f Рижский политехнический институт ; Академия наук СССР (АН СССР), Научный совет по комплексной проблеме "Теплофизика и теплоэнергетика" ; Академия наук Латвийской ССР (АН ЛатССР), Институт физики (ИФ)  |v Т. 2: Пленочная, капельная и другие случаи конденсации паров и их смесей. Испарение жидкостей  |d 1988 
606 1 |a Кипение  |x (теплофизика)  |2 stltpush  |3 (RuTPU)RU\TPU\subj\14390  |9 40790 
610 1 |a конденсация 
610 1 |a пар 
610 1 |a испарения 
610 1 |a жидкости 
610 1 |a конференции 
610 1 |a теплофизика 
610 1 |a гидрогазодинамика 
675 |a 536.423(063)  |v 3 
801 0 |a RU  |b RuMRKP  |c 19950417  |g psbo 
801 1 |a RU  |b 63413507  |c 20060410  |g PSBO 
801 2 |a RU  |b 63413507  |c 20140825  |g PSBO 
942 |c BK